000 03711cam a22012974i 4500
003 PE-LiUPU
005 20250813185316.0
008 080306s2007 sp a b 000 0 spa d
020 _a9788497272513
035 _a(Sirsi) i9788497272513
040 _aPE-LiUPU
_bspa
_cPE-LiUPU
_erda
049 _aPRUA
080 _a364.28-053.2
080 _a364-053.2-058.68
082 0 4 _a362.76
_bG26
100 1 _aGarcía Diéguez, Noelia,
_eautor.
245 1 0 _aInfancia maltratad :
_bmanual de intervención /
_cNoelia García Diéguez, Victoria Noguerol Noguerol.
264 1 _aMadrid :
_bEOS,
_cD.L .2007
300 _a159 páginas :
_bilustraciones ;
_c24 centímetros.
336 _atext
_2rdacontent
337 _aunmediated
_2rdamedia
338 _avolume
_2rdacarrier
490 0 _aEOS psicología jurídica ;
_v6
504 _aBibliografía : páginas 153-159.
505 0 _a¿Que es necesario saber sobre el maltrato a los niños? -- ¿Cómo puede detectar el profesional un caso de maltrato infantil? -- Dificultades ante la detección de maltrato infantil 4. Abuso sexual infantil: "El maltrato más tabú" -- Bullying.
526 _aP202
526 _aP201
526 _aP163
526 _aP162
526 _aP161
526 _aP160
526 _aP148
526 _aP147
526 _aP146
526 _aP145
526 _aP144
526 _aP143
526 _aP142
526 _aP141
526 _aP140
526 _aP139
526 _aP138
526 _aP137
526 _aP136
526 _aP135
526 _aP134
526 _aP133
526 _aP129
526 _aP128
526 _aP127
526 _aP120
526 _aP119
526 _aP118
526 _aP116
526 _aP115
526 _aP114
526 _aP110
526 _aP109
526 _aP108
526 _aP104
526 _aP103
526 _aP102
526 _aP99
526 _aP98
526 _aP97
526 _aP96
526 _aP95
526 _aP93
526 _aP90
526 _aP89
526 _aP88
526 _aP83
526 _aP82
526 _aP62
526 _aP59
526 _aP58
526 _aP57
526 _aP51
526 _aP49
526 _aP48
526 _aP47
526 _aP29
526 _aP24
526 _aP20
526 _aP19
526 _aP17
526 _aP15
526 _aP14
526 _aP12
526 _aP10
526 _aP09
526 _aP08
526 _aP07
526 _aP06
526 _aP05
526 _aP04
526 _aP01
650 7 _aNiños maltratados
_xServicios sociales.
_2embne
650 7 _aNiños Maltratados.
_2embne
650 1 4 _aAbuso del niño
_xPrevención.
700 1 _aNoguerol Noguerol, Victoria,
_eautor.
910 _cng
942 _2ddc
_cBOOK
949 _a362.76 G26
_wDEWEY
_c1
_i70339
_d2016-8-31
_e2016-8-25
_lCCODEBUL1
_mBUL
_n3
_p42.00
_r0
_sY
_tBOOK
_u2015-7-31
_xSALUD
_PP33
_0COMPRA
_o.STAFF. Colección General
949 _a362.76 G26
_wDEWEY
_c2
_i70340
_d2016-8-14
_e2016-8-9
_lCCODEBUL1
_mBUL
_n1
_p42.00
_r0
_sY
_tBOOK
_u2015-7-31
_xSALUD
_PP33
_0COMPRA
_o.STAFF. Colección General
994 _aC0
_bPEPRU
596 _a1
999 _a362.76 G26
_wDEWEY
_c6599
_i70339
_d6599
_e2018-9-25
_f2021-11-3
_g5
_lCCODEBUL1
_mBUL
_n5
_p42.00
_r0
_sY
_tBOOK
_u2015-7-31
_xSALUD
_PP33
_0COMPRA
_o.STAFF. Colección Ciencias de la Salud
999 _a362.76 G26
_wDEWEY
_c2
_i70340
_d2019-6-9
_e2018-8-23
_f2021-11-3
_g5
_lCCODEBUL1
_mBUL
_n6
_p42.00
_q3
_r0
_sY
_tBOOK
_u2015-7-31
_xSALUD
_PP33
_0COMPRA
_o.STAFF. Colección General
980 _81
_gALBERTO SANCHEZ Responsable de Automatización